1025 1181 1754 1203 1395 1468 1980 1526 1949 1161 1399 1198 1537 1917 1868 1374 1900 1208 1937 1317 1960 1252 1743 1619 1283 1994 1845 1290 1547 1126 1203 1307 1054 1757 1928 1322 1861 1826 1354 1293 1224 1319 1478 1451 1816 1439 1077 1122 1263 1122 1953 1077 1020 1416 1349 1011 1996 1643 1941 1499 1670 1775 1685 1879 1776 1138 1447 1542 1120 1843 1668 1042 1185 1137 1778 1882 1574 1195 1554 1207 1075 1058 1562 1991 1559 1151 1688 1890 1878 1999 1662 1103 1537 1496 1373 1420 1048 1971 1078 BCNSPRNW ULIB Ver.6.0+V

เปลี่ยนเป็นภาษาไทย

Change to English
 แสดงรายละเอียดบรรณานุกรม
  กลับหน้าหลัก

Brief Record : Get Marc (ISO 2709) : E-mail record : QR code < ปิดหน้าต่าง
LEADER : 00000nam 2200000uu 4500
001    13399112810
003     ULIB
008    110912s2547||||th 000 0 tha d
020    9749663322
050  4 LB2329.8^bก528ก 2547
245 00 การอุดมศึกษาของประเทศออสเตรเลีย /^cโดย กลุ่มเสวนาการประกันคุณภาพการศึกษา ที่ประชุมอธิการบดีแห่งประเทศไทยและสำนักงานคณะกรรมการการอุดมศึกษา ; คณะบรรณาธิการ อดุลย์ วิริยเวชกุล ... [และคนอื่นๆ]
250    พิมพ์ครั้งที่ 1
260    กรุงเทพฯ :^bสำนักมาตรฐานและประเมินผลอุดมศึกษาสำนักงานคณะกรรมการการอุดมศึกษา กระทรวงศึกษาธิการ,^c2547
300    138 หน้า :^bภาพประกอบ ;^c21 ซม. +^e1 ซีดี-รอม 1 แผ่น
490 1  สิ่งพิมพ์ สมอ. ;^vอันดับที่ 53
650  4 การปฏิรูปการศึกษา^zออสเตรเลีย
650  4 การศึกษาขั้นอุดมศึกษา^zออสเตรเลีย
650  4 ประกันคุณภาพการศึกษาระดับอุดมศึกษา^zออสเตรเลีย
700 0  อดุลย์ วิริยเวชกุล,^eบรรณาธิการ
710 2  สำนักมาตรฐานและประเมินผลอุดมศึกษา
710 2  สำนักงานคณะกรรมการการอุดมศึกษา
710 2  ที่ประชุมอธิการบดีแห่งประเทศไทย
830  0 สิ่งพิมพ์ (สำนักมาตรฐานและประเมินผลอุดมศึกษา) ;^vอันดับที่ 53
945    ^p0^l0^i016225
945    ^p0^l0^i016226
945    ^p0^l0^i016227
945    ^p0^l0^i016228
995    ทศพร
999 ^a ทศพร
รายการนี้ยังไม่มีแท็ก
คุณยังไม่ได้ล็อกอิน คุณสามารถมีกิจกรรมร่วมกับเว็บไซต์ได้ แต่ต้องล็อกอินก่อน ::
  ล็อกอิน

รายการสื่อสารสนเทศ

ลำดับที่ ประเภท เลขเรียก/บาร์โค้ด สถานที่ สถานะ
- ไม่พบข้อมูล -

BibComment


ยังไม่เคยถูกคอมเมนท์

คอมเมนท์ทรัพยากรรายการนี้
  คอมเมนท์: การอุดมศึกษาของปร..


 Copyright 2026. Bcnsprnw @Library